| 000 | 01138nam a2200241Ia 4500 | ||
|---|---|---|---|
| 999 |
_c37480 _d37480 |
||
| 001 | 3442 | ||
| 003 | GE_BSU | ||
| 005 | 20221028125325.0 | ||
| 008 | 181216s1991ru xx |||||||||||||| ||rus|| | ||
| 040 | _cGE_BSU | ||
| 041 | _arus | ||
| 080 | _a634.32 Д-40 | ||
| 100 |
_aДжабнидзе, Резо. _915634 |
||
| 245 |
_aВлияние мульчирование почвы на продуктивность маточных деревьев мандаринов / _c Резо Джабнидзе, Гиви Джинчарадзе,Ред. С.Х. Пирцхалаишвили |
||
| 260 |
_cБатуми _bАджара, |
||
| 264 | _a1991. | ||
| 300 |
_a139 с. ; _b19 см. |
||
| 653 | _aВлияние мульчирование почвы на продуктивность маточных деревьев мандаринов | ||
| 653 | _aნიადაგის მულჩირების ეფექტი მანდარინის ხეები | ||
| 700 |
_aДжинчарадзе, Гиви _915631 |
||
| 700 |
_aПирцхалаишвили, С.Х. _eრედაქტორი _915635 |
||
| 942 |
_cBK _2udc |
||